50 największych państw świata - Statystyki

Ogólne statystyki
  • Ten quiz został rozwiązany 959 razy
  • Średni wynik to 37 z 50
Statystyki odpowiedzi
Powierzchnia Państwo % Poprawnych
17 089 242 km² Rosja
100%
9 596 960 km² Chiny
98%
9 525 067 km² Stany Zjednoczone
98%
9 984 670 km² Kanada
97%
8 515 767 km² Brazylia
95%
7 682 300 km² Australia
93%
2 780 400 km² Argentyna
92%
3 287 263 km² Indie
92%
2 724 900 km² Kazachstan
89%
551 500 km² Francja
88%
1 964 375 km² Meksyk
87%
1 001 450 km² Egipt
85%
1 219 090 km² Republika Południowej Afryki
85%
2 149 690 km² Arabia Saudyjska
84%
2 344 858 km² Demokratyczna Republika Konga
84%
1 564 116 km² Mongolia
84%
2 381 741 km² Algieria
83%
756 102 km² Chile
82%
603 550 km² Ukraina
82%
1 904 569 km² Indonezja
81%
1 267 000 km² Niger
81%
783 562 km² Turcja
81%
1 648 195 km² Iran
79%
923 768 km² Nigeria
78%
1 285 216 km² Peru
77%
1 138 910 km² Kolumbia
76%
1 861 484 km² Sudan
76%
1 759 540 km² Libia
73%
796 095 km² Pakistan
73%
912 050 km² Wenezuela
72%
1 104 300 km² Etiopia
70%
652 230 km² Afganistan
69%
1 284 000 km² Czad
68%
1 246 700 km² Angola
67%
1 098 581 km² Boliwia
67%
1 240 192 km² Mali
67%
580 367 km² Kenia
65%
513 120 km² Tajlandia
65%
652 230 km² Sudan Południowy
61%
947 300 km² Tanzania
61%
637 657 km² Somalia
59%
587 041 km² Madagaskar
58%
1 030 700 km² Mauretania
58%
752 618 km² Zambia
56%
799 380 km² Mozambik
54%
676 578 km² Mjanma
53%
824 292 km² Namibia
53%
527 968 km² Jemen
52%
622 984 km² Republika Środkowoafrykańska
50%
581 730 km² Botswana
49%
Nie znaleziono quizów pasujących do podanych kryteriów
Rozkład punktacji
Procent ludzi z każdym wynikiem
Percentyl według liczby udzielonych odpowiedzi
Twoja historia wyników
Nie rozwiązałeś tego quizu